John Fitzhugh papers, (Record no. 43312)
[ view plain ]
| 000 -LEADER | |
|---|---|
| fixed length control field | 01252cpmaa2200313 4500 |
| 001 - CONTROL NUMBER | |
| control field | mm 81092114 |
| 003 - CONTROL NUMBER IDENTIFIER | |
| control field | DLC |
| 005 - DATE AND TIME OF LATEST TRANSACTION | |
| control field | 20260227111710.0 |
| 008 - FIXED-LENGTH DATA ELEMENTS--GENERAL INFORMATION | |
| fixed length control field | 810324|||||||||||| eng |
| 010 ## - LIBRARY OF CONGRESS CONTROL NUMBER | |
| LC control number | mm 81092114 |
| 040 ## - CATALOGING SOURCE | |
| Original cataloging agency | DLC |
| Description conventions | dacs |
| Transcribing agency | DLC |
| Modifying agency | DLC |
| 072 #7 - SUBJECT CATEGORY CODE | |
| Subject category code | N |
| Source | lcmd |
| 100 1# - MAIN ENTRY--PERSONAL NAME | |
| Personal name | Fitzhugh, John, |
| Dates associated with a name | -1826. |
| 245 00 - TITLE STATEMENT | |
| Title | John Fitzhugh papers, |
| Inclusive dates | 1819-1820. |
| 300 ## - PHYSICAL DESCRIPTION | |
| Extent | 1 |
| Type of unit | item. |
| 300 ## - PHYSICAL DESCRIPTION | |
| Extent | 1 |
| Type of unit | container. |
| 506 0# - RESTRICTIONS ON ACCESS NOTE | |
| Terms governing access | Open to research. |
| 520 8# - SUMMARY, ETC. | |
| Summary, etc. | Journal of John Fitzhugh, M.C., U.S. Navy attached to U.S.F. Congress, from Gosport, Va., to the Far East (1819 February 22-1820 September 28). Fitzhugh was Surgeon's Mate, and the journal covers his impressions as well as medical observations of places visited. |
| 545 0# - BIOGRAPHICAL OR HISTORICAL DATA | |
| Biographical or historical data | Naval officer and physician. |
| 546 ## - LANGUAGE NOTE | |
| Language note | Collection material in English. |
| 610 10 - SUBJECT ADDED ENTRY--CORPORATE NAME | |
| Corporate name or jurisdiction name as entry element | United States. |
| Subordinate unit | Navy |
| General subdivision | Medical care. |
| 610 10 - SUBJECT ADDED ENTRY--CORPORATE NAME | |
| Corporate name or jurisdiction name as entry element | United States. |
| Subordinate unit | Navy |
| General subdivision | Surgeons. |
| 610 20 - SUBJECT ADDED ENTRY--CORPORATE NAME | |
| Corporate name or jurisdiction name as entry element | Congress (Frigate: 1794-1834) |
| 651 #0 - SUBJECT ADDED ENTRY--GEOGRAPHIC NAME | |
| Geographic name | East Asia |
| General subdivision | Description and travel. |
| 656 #7 - INDEX TERM--OCCUPATION | |
| Occupation | Naval officers. |
| Source of term | itoamc |
| 656 #7 - INDEX TERM--OCCUPATION | |
| Occupation | Physicians. |
| Source of term | itoamc |
No items available.